000 00332nam a2200145Ia 4500
008 230718s9999 xx 000 0 und d
041 _aEng.
082 _a340
_bSAE-P
100 _aSaeed, Malik. M (ed).
245 0 _aPLD (1877)
260 _aPakistan
_bAll Parcistan legal
_c1978
300 _a763
650 _aLaw
999 _c26979
_d26979